Профессиональная ориентация в высшей школе: межвузовский сборник научных трудов по социально-педагогическим проблемам профессиональной ориентации

Detalhes bibliográficos
Autor Corporativo: Кемеровский государственный университет (КемГУ)
Outros Autores: Чистяков Н. Н. (редактор)
Idioma:russo
Publicado em: Кемерово, Изд-во Кемеровского госуниверситета, 1986
Assuntos:
Formato: Livro
KOHA link:https://koha.lib.tpu.ru/cgi-bin/koha/opac-detail.pl?biblionumber=258791

MARC

LEADER 00000nam0a2200000 4500
001 258791
005 20231101233327.0
035 |a (RuTPU)RU\TPU\book\281679 
090 |a 258791 
100 |a 20140428d1986 k y0rusy50 ca 
101 0 |a rus 
102 |a RU 
105 |a y z 001zy 
200 1 |a Профессиональная ориентация в высшей школе  |e межвузовский сборник научных трудов по социально-педагогическим проблемам профессиональной ориентации  |f Кемеровский государственный университет (КемГУ) ; под ред. Н. Н. Чистякова 
210 |a Кемерово  |c Изд-во Кемеровского госуниверситета  |d 1986 
215 |a 159 с. 
320 |a Библиогр. в примеч. 
606 1 |a Методика преподавания  |x В высшей школе  |2 stltpush  |3 (RuTPU)RU\TPU\subj\43483  |9 62977 
610 1 |a профессиональная ориентация 
610 1 |a профессиональная адаптация 
610 1 |a преемственность 
610 1 |a профориентация 
686 |a Ч481.2  |v LBC/SL-A  |2 rubbk 
702 1 |a Чистяков  |b Н. Н.  |4 340 
712 0 2 |a Кемеровский государственный университет (КемГУ)  |2 stltpush  |3 (RuTPU)RU\TPU\col\402 
801 1 |a RU  |b 63413507  |c 20140428 
801 2 |a RU  |b 63413507  |c 20141106  |g RCR 
942 |c BK